000 01071nam a2200301 a 4500
003 CHAP
005 20220329143658.0
008 110106s2006 mx 10010 spa d
010 _a100204
011 _a101176
020 _a968020328X
035 _a111863
040 _cCHAP
090 _aCD-333
111 2 _aPrograma de Investigación en Educación Agrícola (
_n11
_d: 2006
_c: Chapingo, Méx.)
_992303
245 1 0 _aDécimo primeras jornadas, presentación de avances y resultados de investigación del programa de investigación en educación agrícola [Disco compacto]
260 _aChapingo, Méx. :
_bUACH,
_c2006
300 _a1 disco compacto ;
_c4 3/4 plgs.
590 _aBATCH-UPD
_b10
_c20130110
_lUCH01
_h2014
590 _aBATCH-UPD
_b10
_c20130410
_lUCH01
_h1333
590 _aBATCH-UPD
_b10
_c20130914
_lUCH01
_h1942
590 _aCONVERSION
_b10
_c20130109
_lUCH01
_h1355
650 0 4 _aAgricultura
_xInvestigacion
_xCongresos.
_91605
901 _aBK
911 _aen proceso
942 _cCD
949 _aCD-333
_bBC
_cCD
_d33724002222397
_eCD
_i111863
_sb
999 _c100204
_d100204